02863cab a2200277Ia 4500001000800000003000600008008004100014040000800055041001300063100001800076240009800094245014400192246018400336300001500520504002500535520169300560546002302253650002902276650002802305650001802333650001302351700001802364700002402382773010002406856007902506u196521SIRSI110710s2011 ua ss b eng d aEAL aengbara1 aMoussa, M. E.10aMansoura University journal of food and dairy sciences, 2011 v. 2 (7)h[electronic resource].12aEffect of drying process on phenolic compounds and total antioxidant activity of some medicinal and aromatic plantsh[electronic resource].15aتأثير عملية التجفيف علي المركبات الفينولية و نشاط مضادات الاكسدة لبعض النباتات الطبية و العطرية. ap.377-386. aIncludes references. aThe effect of antioxidant properties as free radical scavenging activity and phytochemical compounds of fresh and dried samples of dill, parsley, coriander, peppermint and celery leaves were studied. Moreover, the chemical constituents and the content of minerals in these medicinal and aromatic plants were also investigated. Results explained that the contents of total phenolics ranged from 1446.88 for coriander to 3128.57mg/100gm for peppermint and after the drying process decreased to 1280.10 and 2356.45mg/100gm, respectively. Also, peppermint had the highest content of flavonoids, while the lowest content was observed in coriander leaves. Otherwise, fresh coriander leaves had the highest content of carotenoids, while the lowest content was in the fresh peppermint leaves. Results explained also that the main component of phenolic compounds was protocatchuic in all fresh and dried samples under investigation. Celery leaves had the highest protocatchuic content. Concerning minerals content reveal that the parsley leaves had the highest content of calcium, potassium and magnesium, while peppermint had the highest phosphorus and iron contents. Results also show that celery leaves had the highest sodium content. Fresh dill and peppermint recorded the highest percentages of total antioxidant activity. Also, fresh celery had gradual effect on DPPH compounds being used as synthetic free radical. Coriander and parsley showed the lowest antioxidant activity. After the drying process total antioxidant activity decreased. Slight decrease was observed with dill and peppermint leaves, while celery and parsley leaves were more effective by using the air oven drier process. aSummary in Arabic. 0aMedicinal plantsxDrying 0aAromatic plantsxDrying 0aAntioxidants. 0aPhenols.1 aYoussef, S.M.1 aEl-Waseif, K. H. M.0 tMansoura University Journal of Food and Dairy Sciences. g2011.v.2(7)x2090-36427nnaswu18342640uhttp://nile.enal.sci.eg/EALE/2011/MUJFDS/211/7/377.pdfzFull Text Article.